000 00614nam a2200205Ia 4500
005 20250508165200.0
008 008 250505s9999 xx 000 0 eng d
020 _a978-1-59451-230-8
037 _aTextual
040 _aFEDL
_beng
_cFEDL
041 _aeng
_2eng
084 _a370.115, SHO
_qFEDL
100 _aShor Ira
_9291110
245 0 _aWhen students have power: Nagotiating authority in a critical pedagogy
260 _aChicago USA
_bThe University of Chicago Press
_c1996
300 _axii, 251p.
365 _aUSD
_b20
942 _cTEXL
_h370.115, SHO
999 _c1393630
_d1393630